Les paysans au cinéma - Statistiques

Statistiques générales
  • Ce quiz a été pris 36 fois
  • Le résultat moyen est 6 sur 20
Statistiques - réponses
Par images Réponse % Correct
Manon des sources
100%
Jean de Florette
84%
Alexandre le Bienheureux
52%
Un crime au Paradis
48%
L'Affaire Dominici
39%
La veuve Couderc
39%
Une hirondelle a fait le printemps
35%
Angèle
26%
Les Sept Mercenaires
26%
La horse
23%
Au nom de la terre
16%
Goupi Mains Rouges
16%
La rivière
16%
Les Sept Samouraïs
16%
Regain
16%
Tout l'or du monde
16%
Jofroi
13%
Le voyage du Père
13%
La fille des marais
10%
Tout est possible
6%
Aucun quiz correspondant
Distribution des résultats
% des personnes avec chaque résultat
Percentile par nombre de réponses
Votre historique - résultats
Vous n’avez pas pris ce quiz